000 00519pab a2200181 454500
008 180718b2006 xxu||||| |||| 00| 0 eng d
100 _aInoue, Keiko
245 _aThe global institutionalization of health as a social concern: organizational and discursive trends
260 _c2006
300 _ap.199-219.
362 _aMar
650 _aInternational organizations
650 _aGlobalization
650 _aHealth services
700 _aDrori, Gili S.
773 _aInternational Sociology
909 _a69257
999 _c69257
_d69257